000 00406nam a2200133Ia 4500
008 220216s9999 xx 000 0 und d
100 _aJohn C K
245 0 _aBiological coagulation of Hevea latex waste carbohydrate substrates
260 _bJournal of the Rubber Research Institute of Malaya
_c1966
300 _a286-289
650 _aBiological coagulation
650 _aHevea latex waste
942 _cJS
999 _c54782
_d54782